000 00491cab a2200193 4500
001 X446
008 090401t1993 xxu||||| |||| 00| 0 eng d
035 _a(Sirsi) u65658
041 _aeng
245 _aNottingham students master procurement
260 _c1993
350 _a0
490 _aChartered Quantity Surveyor
_v15(6) February 1993, 3(1)
650 _aDEGREE COURSE
650 _aDISTANCE LEARNING
690 _aQuantity surveying
_96263
942 _n0
948 _c04/03/1997
999 _c40966
_d40966